000 01153cam a22003257a 4500
003 CHAP
005 20220329142535.0
008 010919d1999 ep a r 00110 spa d
010 _a84691
011 _a85663
020 _a8471148889
035 _a96198
040 _cCHAP
082 0 4 _a635.92
_bA5
100 0 0 _aAlbouy, Josette.
_93515
245 1 0 _aEnfermedades producidas por virus de las plantas ornamentales
_c/por Josette Albouy y Jean-Claude Devergne
260 _aMadrid, Esp. :
_bMundi-Prensa,
_c2000.
300 _a496 p. :
_bilus.
590 _aBATCH-UPD
_b10
_c20130110
_lUCH01
_h0421
590 _aBATCH-UPD
_b10
_c20130110
_lUCH01
_h2048
590 _aCONVERSION
_b10
_c20130109
_lUCH01
_h1347
650 1 4 _aPlantas ornamentales
_xEnfermedades por virus.
_989065
650 1 4 _aPlantas ornamentales
_xEnfermedades.
_989062
700 0 0 _aDevergne, Jean-Claude.
_932312
901 _aBK
905 _aMayto Villalobos S.
942 _cLIBRO
949 _a635.92 A5
_bBC
_cLIBRO
_d33724000855458
_eLIBRO
_gI.211714
_h101629
_i96198
_si
_t$622.20
949 _a635.92 A5
_bBC
_cLIBRO
_d33724000975884
_eLIBRO
_fc.2
_gI.223580
_h106523
_i96198
_si
_t$1.142.00
999 _c84691
_d84691